|
|
|
|
| LEADER |
00000nab a2200000 a 4500 |
| 001 |
vtls009003958 |
| 003 |
SK-MaSNL |
| 005 |
20260304153621.0 |
| 008 |
250506c2007 xo |||||||||||000 b|slo |
| 015 |
|
|
|a SNBRB2007/06
|2 snkbucl
|
| 035 |
|
|
|a urn:nbn:sk:snk-ab87c8
|
| 035 |
|
|
|a (urnnbn)urn:nbn:sk:snk:ar-006p44
|
| 035 |
|
|
|a (uuid)92837974-ed04-45d4-84de-e55e83db7e9f
|
| 038 |
|
|
|a SNKBUCL
|
| 040 |
|
|
|a SNKBUCL
|b slo
|c SNKBUCL
|e AACR2
|
| 041 |
0 |
|
|a slo
|
| 044 |
|
|
|a xo
|c SK
|
| 080 |
|
|
|a 637.12.05:061.3
|2 1997
|
| 100 |
1 |
|
|a Dukes, Marián
|4 aut
|9 267535
|
| 245 |
1 |
0 |
|a Rastie úloha kvality mlieka
|b na seminári v Pohořeliciach sa hovorilo o nových šanciach mlieka ...
|c Marián Dukes
|
| 300 |
|
|
|b Fotogr.
|
| 648 |
|
7 |
|a 2007
|2 snkbucl
|9 313226
|
| 650 |
0 |
7 |
|a mlieko
|2 snkbucl
|9 3942
|
| 650 |
0 |
7 |
|a kvalita poľnohospodárskych produktov
|2 snkbucl
|9 68979
|
| 650 |
0 |
7 |
|a semináre
|2 snkbucl
|9 18562
|
| 700 |
1 |
|
|a Hanuš, Oto,
|d 1957-
|4 aut
|9 787855
|
| 773 |
0 |
|
|t Slovenský chov
|g Roč. XII, č. 5 (2007), s. 34-35
|x 1335-1990
|
| 850 |
|
|
|a Slovenská národná knižnica
|
| 852 |
|
|
|a Slovenská národná knižnica
|
| 954 |
|
|
|a odborná, vedecká literatúra pôvodná (slovenská)
|2 lita
|
| 958 |
|
|
|a article9
|
| 958 |
|
|
|a OND
|
| 958 |
|
|
|a EUIPO
|
| 999 |
|
|
|c 2954313
|d 2956243
|